<?xml version="1.0" encoding="UTF-8"?>
<record
    xmlns:xsi="http://www.w3.org/2001/XMLSchema-instance"
    xsi:schemaLocation="http://www.loc.gov/MARC21/slim http://www.loc.gov/standards/marcxml/schema/MARC21slim.xsd"
    xmlns="http://www.loc.gov/MARC21/slim">

  <leader>05969nam a2200421 a 4500</leader>
  <controlfield tag="003">CHAP</controlfield>
  <controlfield tag="005">20250528123145.0</controlfield>
  <controlfield tag="007">ta</controlfield>
  <controlfield tag="008">231115s2020    gauado|fr|||| 001 0 eng d</controlfield>
  <datafield tag="020" ind1=" " ind2=" ">
    <subfield code="a">978-1-947192-53-9</subfield>
  </datafield>
  <datafield tag="040" ind1=" " ind2=" ">
    <subfield code="a">mxchpua</subfield>
    <subfield code="c">CHAP</subfield>
    <subfield code="e">rda</subfield>
  </datafield>
  <datafield tag="050" ind1="1" ind2="0">
    <subfield code="a">TH7012</subfield>
    <subfield code="b">.H43 2020</subfield>
  </datafield>
  <datafield tag="082" ind1="0" ind2="0">
    <subfield code="a">697 </subfield>
    <subfield code="b">H43 2020</subfield>
    <subfield code="2">20</subfield>
  </datafield>
  <datafield tag="110" ind1="0" ind2=" ">
    <subfield code="9">5301</subfield>
    <subfield code="a">American Society of Heating, Refrigerating and Air Conditioning Engineers (ASHRAE)</subfield>
  </datafield>
  <datafield tag="245" ind1="1" ind2="6">
    <subfield code="a">2020 ASHRAE Handbook :</subfield>
    <subfield code="b">Heating, ventilating, and air-conditioning - systems and equipment /</subfield>
    <subfield code="c">ASHRAE</subfield>
  </datafield>
  <datafield tag="246" ind1="1" ind2="0">
    <subfield code="a">ASHRAE Handbook :</subfield>
    <subfield code="b">Heating, ventilating, and air-conditioning - systems and equipment</subfield>
  </datafield>
  <datafield tag="246" ind1="1" ind2="0">
    <subfield code="a">Heating, ventilating, and air-conditioning :</subfield>
    <subfield code="b">systems and equipment</subfield>
  </datafield>
  <datafield tag="250" ind1=" " ind2=" ">
    <subfield code="a">SI edition</subfield>
  </datafield>
  <datafield tag="264" ind1=" " ind2=" ">
    <subfield code="a">Georgia, U.S.A. :</subfield>
    <subfield code="b">ASHRAE,</subfield>
    <subfield code="c">2020</subfield>
  </datafield>
  <datafield tag="300" ind1=" " ind2=" ">
    <subfield code="a">1 v. (en varias paginaciones) :</subfield>
    <subfield code="b">ilustraciones, gr&#xE1;ficas, diagramas, tablas, fotos</subfield>
  </datafield>
  <datafield tag="336" ind1=" " ind2=" ">
    <subfield code="2">rdacontent</subfield>
    <subfield code="a">texto</subfield>
    <subfield code="b">txt</subfield>
  </datafield>
  <datafield tag="337" ind1=" " ind2=" ">
    <subfield code="2">rdamedia</subfield>
    <subfield code="a">sin medio</subfield>
    <subfield code="b">n</subfield>
  </datafield>
  <datafield tag="338" ind1=" " ind2=" ">
    <subfield code="2">rdacarrier</subfield>
    <subfield code="a">volumen</subfield>
    <subfield code="b">nc</subfield>
  </datafield>
  <datafield tag="490" ind1="1" ind2=" ">
    <subfield code="a">ASHRAE Handbook</subfield>
  </datafield>
  <datafield tag="504" ind1=" " ind2=" ">
    <subfield code="a">Incluye bibliograf&#xED;as</subfield>
  </datafield>
  <datafield tag="505" ind1=" " ind2=" ">
    <subfield code="g">Contributors --

ASHRAE Technical Committees, Task Groups, and Technical Resource Groups --

ASHRAE Research: Improving the Quality of Life --

Preface --

AIR-CONDITIONING AND HEATING SYSTEMS --

HVAC System Analysis and Selection (TC 9.1, Large Building Air-Conditioning Systems) --
Decentralized Cooling and Heating (TC 9.1) --
Central Cooling and Heating Plants (TC 9.1) --
Air Handling and Distribution (TC 9.1) --
In-Room Terminal Systems (TC 9.1) --
Radiant Heating and Cooling (TC 6.5, Radiant Heating and Cooling) --
Combined Heat and Power Systems (TC 1.10, Cogeneration Systems) --
Combustion Turbine Inlet Cooling (TC 1.10) --
Applied Heat Pump and Heat Recovery Systems 
(TC 6.8, Geothermal Heat Pump and Energy Recovery Applications) --
Small Forced-Air Heating and Cooling Systems
(TC 6.3, Central Forced Air Heating and Cooling Systems) --
Steam Systems (TC 6.1, Hydronic and Steam Equipment and Systems) --
District Heating and Cooling (TC 6.2, District Energy) --
Hydronic Heating and Cooling (TC 6.1) --
Condenser Water Systems (TC 6.1) --
Medium- and High-Temperature Water Heating (TC 6.1) --
Infrared Radiant Heating (TC 6.5) --
Ultraviolet Lamp Systems (TC 2.9, Ultraviolet Air and Surface Treatment) --
Variable Refrigerant Flow (TC 8.7, Variable Refrigerant Flow [VRF]) --

AIR-HANDLING EQUIPMENT AND COMPONENTS --

Duct Construction (TC 5.2, Duct Design) --
Room Air Distribution Equipment (TC 5.3, Room Air Distribution) --
Fans (TC 5.1, Fans) --
Humidifiers (TC 5.11, Humidifying Equipment) --
Air-Cooling and Dehumidifying Coils (TC 8.4, Air-to-Refrigerant Heat Transfer Equipment) --
Desiccant Dehumidification and Pressure-Drying Equipment
(TC 8.12, Desiccant Dehumidification Equipment and Components) --
Mechanical Dehumidifiers and Related Components
(TC 8.10, Mechanical Dehumidification Equipment and Heat Pipes) --
Air-to-Air Energy Recovery Equipment (TC 5.5, Air-to-Air Energy Recovery) --
Air-Heating Coils (TC 8.4) --
Unit Ventilators, Unit Heaters, and Makeup Air Units
(TC 6.1 and TC 5.8, Industrial Ventilation) --
Air Cleaners for Particulate Contaminants (TC 2.4, Particulate Air Contaminants and
Particulate Contaminant Removal Equipment) --
Industrial Gas Cleaning and Air Pollution Control
(TC 5.4, Industrial Process Air Cleaning [Air Pollution Control]) --

HEATING EQUIPMENT AND COMPONENTS --

Automatic Fuel-Burning Systems (TC 6.10, Fuels and Combustion) --
Boilers (TC 6.1) --
Furnaces (TC 6.3) --
Residential In-Space Heating Equipment (TC 6.5) --
Chimney, Vent, and Fireplace Systems (TC 6.10) --
Hydronic Heat-Distributing Units and Radiators (TC 6.1) --
Solar Energy Equipment (TC 6.7, Solar Energy Utilization) --

COOLING EQUIPMENT AND COMPONENTS --

Compressors (TC 8.1, Positive Displacement Compressors, and TC 8.2, Centrifugal Machines) --
Condensers (TC 8.4, TC 8.5, Liquid-to-Refrigerant Heat Exchangers, and
TC 8.6, Cooling Towers and Evaporative Condensers) --
Cooling Towers (TC 8.6) --
Evaporative Air-Cooling Equipment (TC 5.7, Evaporative Cooling) --
Liquid Coolers (TC 8.5) --
Liquid-Chilling Systems (TC 8.1 and TC 8.2) --

GENERAL COMPONENTS --

Centrifugal Pumps (TC 6.1) --
Motors, Motor Controls, and Variable-Frequency Drives
(TC 1.11, Electric Motors and Motor Control) --
Valves (TC 6.1) --
Heat Exchangers (TC 6.1) --

PACKAGED, UNITARY, AND SPLIT-SYSTEM EQUIPMENT --

Unitary Air Conditioners and Heat Pumps (TC 8.11, Unitary and Room Air Conditioners
and Heat Pumps) --
Room Air Conditioners and Packaged Terminal Air Conditioners (TC 8.11) --

GENERAL --

Thermal Storage (TC 6.9, Thermal Storage) --
Codes and Standards --
Additions and Corrections --

Index --
Composite index to the 2017 Fundamentals, 2018 Refrigeration, 2019 HVAC Applications, and 2020 HVAC Systems and Equipment volumes --

Comment Pages</subfield>
  </datafield>
  <datafield tag="520" ind1="2" ind2=" ">
    <subfield code="a">The 2020 ASHRAE Handbook&#x2014;HVAC Systems and Equipment discusses various systems and the equipment (components or assemblies) they comprise, and describes features and differences. This information helps system designers and operators to select and use equipment that is the best fit for a particular application or scenario. Subject matter experts on ASHRAE Technical Committees in each subject area have reviewed all chapters and revised them as needed for current technology and practice.</subfield>
  </datafield>
  <datafield tag="650" ind1="1" ind2="3">
    <subfield code="9">159200</subfield>
    <subfield code="a">Sistemas de calefacci&#xF3;n  </subfield>
  </datafield>
  <datafield tag="650" ind1="1" ind2="3">
    <subfield code="9">161233</subfield>
    <subfield code="a">Sistemas de ventilaci&#xF3;n  </subfield>
  </datafield>
  <datafield tag="650" ind1="1" ind2="3">
    <subfield code="9">150982</subfield>
    <subfield code="a">Acondicionamiento de aire  </subfield>
  </datafield>
  <datafield tag="650" ind1="1" ind2="3">
    <subfield code="9">159199</subfield>
    <subfield code="a">Heating systems</subfield>
  </datafield>
  <datafield tag="650" ind1="1" ind2="3">
    <subfield code="9">161234</subfield>
    <subfield code="a">Ventilation systems</subfield>
  </datafield>
  <datafield tag="650" ind1="1" ind2="3">
    <subfield code="9">150971</subfield>
    <subfield code="a">Air conditioning  </subfield>
  </datafield>
  <datafield tag="710" ind1="1" ind2=" ">
    <subfield code="9">5301</subfield>
    <subfield code="a">American Society of Heating, Refrigerating and Air Conditioning Engineers (ASHRAE)</subfield>
  </datafield>
  <datafield tag="830" ind1=" " ind2="0">
    <subfield code="9">188280</subfield>
    <subfield code="a">ASHRAE Handbook</subfield>
  </datafield>
  <datafield tag="942" ind1=" " ind2=" ">
    <subfield code="2">ddc</subfield>
  </datafield>
  <datafield tag="942" ind1=" " ind2=" ">
    <subfield code="c">LIBRO</subfield>
    <subfield code="2">ddc</subfield>
  </datafield>
  <datafield tag="999" ind1=" " ind2=" ">
    <subfield code="c">219408</subfield>
    <subfield code="d">219408</subfield>
  </datafield>
  <datafield tag="952" ind1=" " ind2=" ">
    <subfield code="0">0</subfield>
    <subfield code="1">0</subfield>
    <subfield code="2">ddc</subfield>
    <subfield code="4">0</subfield>
    <subfield code="5">1</subfield>
    <subfield code="7">0</subfield>
    <subfield code="8">GRAL</subfield>
    <subfield code="a">IA_</subfield>
    <subfield code="b">IA_</subfield>
    <subfield code="d">2023-10-16</subfield>
    <subfield code="e">Compra TIEC FAC 58</subfield>
    <subfield code="i">C/e 3438</subfield>
    <subfield code="l">0</subfield>
    <subfield code="o">697  H43 2020</subfield>
    <subfield code="p">1102014981</subfield>
    <subfield code="r">2023-11-15 00:00:00</subfield>
    <subfield code="t">Ej. 1</subfield>
    <subfield code="w">2023-11-15</subfield>
    <subfield code="y">LIBRO</subfield>
  </datafield>
  <datafield tag="952" ind1=" " ind2=" ">
    <subfield code="0">0</subfield>
    <subfield code="1">0</subfield>
    <subfield code="2">ddc</subfield>
    <subfield code="4">0</subfield>
    <subfield code="5">5</subfield>
    <subfield code="7">0</subfield>
    <subfield code="8">GRAL</subfield>
    <subfield code="a">IA_</subfield>
    <subfield code="b">IA_</subfield>
    <subfield code="d">2023-11-13</subfield>
    <subfield code="e">Compra TIEC FAC 63</subfield>
    <subfield code="i">C/e 3532</subfield>
    <subfield code="l">0</subfield>
    <subfield code="o">697  H43 2020</subfield>
    <subfield code="p">1102014982</subfield>
    <subfield code="r">2023-11-15 00:00:00</subfield>
    <subfield code="t">Ej. 2</subfield>
    <subfield code="w">2023-11-15</subfield>
    <subfield code="y">LIBRO</subfield>
  </datafield>
</record>
